Informe preliminar del proceso de autoevaluación de la Universidad de Cuenca con fines de acreditación

Λεπτομέρειες βιβλιογραφικής εγγραφής
Μορφή: Βιβλίο
Γλώσσα:Spanish
Θέματα:

MARC

LEADER 00000nam a22000007a 4500
003 Ucuenca
005 20230308230239.0
008 181106b2007 ec ||||| |||| 00| 0 spa d
040 |b spa  |a UCuenca-cdrjbv  |c UCuenca  |e rda 
041 0 |a spa 
082 0 |a 378.16 
245 |a Informe preliminar del proceso de autoevaluación de la Universidad de Cuenca con fines de acreditación  |c Universidad de Cuenca, Comisión de Evaluación Interna 
264 |a Cuenca  |b Universidad de Cuenca  |c 2007 
300 |a 77 páginas:  |b ilu  |c 30 cm 
336 |2 rdacontent  |a texto  |b txt 
337 |2 rdamedia  |a no mediado  |b n 
338 |2 rdacarrier  |a volumen  |b nc 
504 |a incl. ref. 
505 1 |a Metodología del proceso de autoevaluación -- Elaboración del proyecto -- Ejecución del proyecto -- Resultados del proceso de autoevaluación de la Universidad de Cuenca -- Resultados por características y estandares de calidad. 
650 0 |9 83950  |a Acreditacion  |2 UCuenca-cdrjbv 
942 |c BK  |z lourdes.naula@ucuenca.edu.ec  |0 1  |2 ddc 
999 |c 155847  |d 155847